| 000 | 00931nam a2200265Ia 4500 | ||
|---|---|---|---|
| 003 | OSt | ||
| 005 | 20220923211527.0 | ||
| 006 | a|||||r|||| 00| 0 | ||
| 007 | ta | ||
| 008 | 220922b |||||||| |||| 00| 0 hin d | ||
| 020 |
_a9789381467107 (hbk) _c350 |
||
| 024 | _a263,968 | ||
| 037 |
_bIN-04428, 26/06/2012, Kitab Ghar Prakashan _cTextual |
||
| 040 |
_aARTS _cARTS _bhin |
||
| 041 |
_2hin _ahin |
||
| 082 | _aO152,1x, Q1 | ||
| 100 | _aकश्यप, मदन, संपा. | ||
| 245 | 0 | _aकाव्य शताब्दी | |
| 246 | _aKāvya shatābdī | ||
| 260 |
_aनयी दिल्ली _b किताबघर प्रकाशन _c2011 |
||
| 300 |
_a224पृ. _ccm. |
||
| 650 |
_aहिन्दी साहित्य _9156264 |
||
| 942 |
_hO152,1x, Q1 _cTEXL _2CC |
||
| 999 |
_c300437 _d300437 |
||